Cantigas para Crianças (Registo nº 17)

Detalhes MARC
000 -Etiqueta do registo
Cabeçalho 00852nam0a22002891 4500
005 - Identificador da versão
Campo de controlo 20240813121752.0
010 ## - Número internacional normalizado dos livros (ISBN)
Número (ISBN) 9729288224
021 ## - Número do Depósito Legal
Código do país PT
Número 96 260/95
035 ## - Other System Control Numbers
System Control Number 0000017
System Control Number 0000017
System Control Number 0000017
System Control Number 0000017
100 ## - Dados gerais de processamento
Dados gerais de processamento 20041027d a e0pory5003 ba
102 ## - Pais de publicação ou produção
País de publicação Portugal
101 0# - Língua de publicação
Língua do texto, banda sonora, etc. Português
Língua do documento no original Português
106 ## - Campo de dados codificados: material textual
Dados codificados do material textual r
105 ## - Campo de dados codificados: livros
Dados codificados dos livros y z 001yy
215 ## - Descrição física 
Indicação específica da natureza do documento e extensão da espécie p.115
Dimensões cm
200 1# - Titulo e menção de responsabilidade
Título próprio Cantigas para Crianças
Primeira menção de responsabilidade Ignez Mazoni e Luiza Gama Santos
205 ## - Menção da edição
Menção da edição 1ª edição
210 ## - Publicação, Distribuição, etc. 
Lugar da edição, distribuição, etc. Lisboa
Nome do editor, distribuidor, etc. PortugalMundo
Data da publicação, distribuição, etc. 1995
330 ## - Sumário ou Resumo
Texto da nota Cinquenta e duas canções originais, destinadas a crianças da pré – primária e do 1º ciclo do ensino básico e que constituem instrumento útil de trabalho para os professores.
966 ## - Identificação da Biblioteca
Sigla NUMETECA
942 ## - Elementos de entrada adicionados (Koha)
Tipo de item no Koha Livro
Exemplares
Situação do levantamento Origin of item (home branch) (coded) Biblioteca de empréstimo Código de barras Cota Circulation type (not for loan) Tipo de documento Nota do exemplar Damaged status
  Biblioteca Escolar Eng. Nuno Mergulhão Biblioteca Escolar Eng. Nuno Mergulhão BENM760 8POR MAZ   Livro Sem mensagem